علم العقاقير والنباتات الطبية / (رقم التسجيلة. 33215)
[ عرض عادي ]
| 000 -الفاتح | |
|---|---|
| حقل البيانات ثابتة الطول | 00710nam a22001937a 4500 |
| 003 - محدد رقم الضبط | |
| رقم الضبط | OSt |
| 005 - وقت وتاريخ اخر تعامل مع التسجيلة | |
| رقم الضبط | 20150408114204.0 |
| 008 - عناصر البيانات ثابتة الطول - معلومات عامة | |
| حقل البيانات ثابتة الطول | 140112s 2002jo a g |||| 00| 0 ara d |
| 040 ## - مصدر الفهرسة | |
| وكالة الفهرسة الأصلية | ma-un |
| 082 ## - رقم تصنيف ديوى العشرى | |
| رقم الطبعة | 21 |
| رقم التصنيف | 615.32 |
| رقم المادة | م س ع |
| 100 ## - المدخل الرئيسى - إسم شخصى | |
| الإسم الشخصى | ملص ، سحر |
| 9 (RLIN) | 42260 |
| 245 ## - بيان العنوان | |
| العنوان | علم العقاقير والنباتات الطبية / |
| بيان المسئوليه,etc | سحر ملص ، مصطفى أبو ارجيع |
| 260 ## - PUBLICATION, DISTRIBUTION, ETC. (IMPRINT) | |
| مكان الناشر او الموزع | الاردن ، عمان : |
| اسم الناشر او الموزع | دار اليازوري للنشر والتوزيع ، |
| تاريخ النشر أو التوزيع | 2002 |
| 300 ## - الوصف المادى | |
| التعداد | 323ص ؛ |
| أبعاد الوعاء | 24 سم ، |
| المادة المصاحبة | ايض |
| 650 ## - المدخل الاضافى بالموضوع-مصطلح موضوعى | |
| مصطلح موضوعي أو اسم جغرافي كعنصر مدخل | علم العقاقير |
| 9 (RLIN) | 42261 |
| 650 ## - المدخل الاضافى بالموضوع-مصطلح موضوعى | |
| مصطلح موضوعي أو اسم جغرافي كعنصر مدخل | النباتات الطبية |
| 700 ## - المدخل الاضافى - اسم شخصى | |
| الإسم الشخصى | أبو ارجيع ، مصطفى |
| الدور | مراجع |
| 9 (RLIN) | 42262 |
| 942 ## - عناصر المدخل الإضافي( كوها) | |
| مصدر التصنيف او مخطط الترفيف | Dewey Decimal Classification |
| Koha [default] item type | كتاب |
| حالة الفقد | نموذج السعر الفعال | حالة تلف | ليس للاعارة | رقم الطلب | تاريخ الاكتساب | الموقع الحالي | الباركود | الفرع الرئيسي | Date last seen | نوع المادة فى نظام كوها | مصدر التصنيف او خطة الترفيف | Total Checkouts |
|---|---|---|---|---|---|---|---|---|---|---|---|---|
| 2014-01-12 | 615.32 م س ع | 2014-01-12 | المكتبة المركزية بالمجمعة (CL) | 00602006 | المكتبة المركزية بالمجمعة (CL) | 2014-01-12 | كتاب | Dewey Decimal Classification | ||||
| 2014-01-12 | 615.32 م س ع | 2014-01-12 | المكتبة المركزية بالمجمعة (CL) | 00602007 | المكتبة المركزية بالمجمعة (CL) | 2014-01-12 | كتاب | Dewey Decimal Classification | ||||
| 2014-01-12 | 615.32 م س ع | 2014-01-12 | المكتبة المركزية بالمجمعة (CL) | 00602008 | المكتبة المركزية بالمجمعة (CL) | 2014-01-12 | كتاب | Dewey Decimal Classification | ||||
| 2014-01-12 | 615.32 م س ع | 2014-01-12 | مكتبة كلية التمريض - طلاب (CNM) | 00602015 | مكتبة كلية التمريض - طلاب (CNM) | 2014-01-12 | كتاب | Dewey Decimal Classification | ||||
| 2014-01-12 | 615.32 م س ع | 2014-01-12 | مكتبة كلية العلوم و الدراسات الإنسانية برماح - طلاب (SRM) | 00602013 | مكتبة كلية العلوم و الدراسات الإنسانية برماح - طلاب (SRM) | 2014-01-12 | كتاب | Dewey Decimal Classification | ||||
| 2014-01-12 | 615.32 م س ع | 2014-01-12 | مكتبة كلية العلوم و الدراسات الإنسانية برماح - طلاب (SRM) | 00602014 | مكتبة كلية العلوم و الدراسات الإنسانية برماح - طلاب (SRM) | 2014-01-12 | كتاب | Dewey Decimal Classification | ||||
| 2014-01-12 | 615.32 م س ع | 2014-01-12 | مكتبة مجمع الكليات بالزلفى - طلاب (SZM) | 00602009 | مكتبة مجمع الكليات بالزلفى - طلاب (SZM) | 2014-01-12 | كتاب | Dewey Decimal Classification | ||||
| 2014-01-12 | 615.32 م س ع | 2014-01-12 | مكتبة مجمع الكليات بالزلفى - طلاب (SZM) | 00602010 | مكتبة مجمع الكليات بالزلفى - طلاب (SZM) | 2014-01-12 | كتاب | Dewey Decimal Classification |
